[Event "FICGS W-ch final email"]
[Site "FICGS email"]
[Date "2014.11.14"]
[Round "1"]
[White "Schutte, John"]
[Black "D Agostino, Gabriele"]
[Result "1/2-1/2"]
[WhiteElo "2353"]
[BlackElo "2134"]
[PlyCount "127"]
[EventDate "2014.??.??"]
[EventType "tourn (corr)"]
[EventRounds "6"]
[EventCategory "5"]
[SourceTitle "Corr 2022"]
[Source "ChessBase"]
[SourceDate "2021.10.24"]
[SourceVersion "1"]
[SourceVersionDate "2021.10.24"]
[SourceQuality "1"]

1. e4 c5 2. Nf3 d6 3. d4 Nf6 4. Nc3 cxd4 5. Nxd4 a6 6. Be2 e5 7. Nb3 Be7 8. Be3 Be6 9. 0-0 Nbd7 10. a4 Rc8 11. Qd3 0-0 12. a5 Bc4 13. Qd1 Be6 14. Qd2 Ng4 15. Bxg4 Bxg4 16. Nc1 Be6 17. f3 b6 18. Nd5 Bxd5 19. exd5 b5 20. Na2 Qc7 21. Nb4 Qb7 22. Bf2 f5 23. c3 Bf6 24. Rfe1 g6 25. Rab1 Rce8 26. Re2 Rc8 27. Rd1 Rf7 28. Qe3 Rff8 29. Nc6 Nb8 30. Red2 Rf7 31. Nb4 Nd7 32. Rc2 Re8 33. Qa7 Qxa7 34. Bxa7 Bh4 35. Kf1 Rc8 36. b3 Bg5 37. c4 bxc4 38. Rxc4 Rxc4 39. bxc4 e4 40. Bd4 Nb8 41. Bb6 exf3 42. gxf3 Nd7 43. Bf2 Ne5 44. c5 dxc5 45. Nxa6 Bd8 46. d6 Bxa5 47. Nxc5 Nxf3 48. Kg2 Ne5 49. d7 Bd8 50. Rd5 Nc6 51. Ne6 Be7 52. d8Q+ Nxd8 53. Nxd8 Rf6 54. Nb7 Rc6 55. Rd7 Kf8 56. Na5 Rc2 57. Nb3 Bh4 58. Nd2 Bxf2 59. Kxf2 Ke8 60. Rd5 Ke7 61. Kg3 g5 62. Nf3 g4 63. Nh4 f4+ 64. Kxg4 1/2-1/2

[Event "FICGS W-ch final email"]
[Site "FICGS email"]
[Date "2014.11.14"]
[Round "1"]
[White "Wosch, Arkadiusz Janusz"]
[Black "Schutte, John"]
[Result "1/2-1/2"]
[WhiteElo "2222"]
[BlackElo "2353"]
[PlyCount "75"]
[EventDate "2014.??.??"]
[EventType "tourn (corr)"]
[EventRounds "6"]
[EventCategory "5"]
[SourceTitle "Corr 2022"]
[Source "ChessBase"]
[SourceDate "2021.10.24"]
[SourceVersion "1"]
[SourceVersionDate "2021.10.24"]
[SourceQuality "1"]

1. e4 c5 2. Nf3 d6 3. d4 cxd4 4. Nxd4 Nf6 5. Nc3 a6 6. Be3 e5 7. Nb3 Be6 8. f3 h5 9. Qd2 Nbd7 10. 0-0-0 Be7 11. Kb1 Rc8 12. g3 Qc7 13. Nd5 Nxd5 14. exd5 Bf5 15. Bd3 Bh3 16. c4 Nf6 17. Rc1 Qd7 18. Rhe1 0-0 19. Bg5 Rfe8 20. a3 b6 21. Ka2 Bd8 22. Bh4 Rb8 23. f4 a5 24. Qf2 Ng4 25. Qf3 Be7 26. fxe5 Nxe5 27. Rxe5 dxe5 28. Qxh5 Bxh4 29. Qh7+ Kf8 30. Qh8+ Ke7 31. Qxh4+ f6 32. Qh7 Rg8 33. Nd2 b5 34. Nb3 bxc4 35. Bxc4 Qf5 36. Qxf5 Bxf5 37. Nxa5 Kd6 38. b4 1/2-1/2

[Event "FICGS W-ch final email"]
[Site "FICGS email"]
[Date "2014.03.18"]
[Round "1"]
[White "Schutte, John"]
[Black "Alcala, Alvin"]
[Result "1/2-1/2"]
[WhiteElo "2353"]
[BlackElo "2306"]
[PlyCount "76"]
[EventDate "2014.??.??"]
[EventType "tourn (corr)"]
[EventRounds "6"]
[EventCategory "5"]
[SourceTitle "Corr 2022"]
[Source "ChessBase"]
[SourceDate "2021.10.24"]
[SourceVersion "1"]
[SourceVersionDate "2021.10.24"]
[SourceQuality "1"]

1. e4 c5 2. Nf3 d6 3. d4 cxd4 4. Nxd4 Nf6 5. Nc3 a6 6. Be3 e5 7. Nb3 Be7 8. f3 Be6 9. Qd2 0-0 10. 0-0-0 Nbd7 11. g4 Qc7 12. Kb1 b5 13. a3 Nb6 14. g5 Nh5 15. Nd5 Nxd5 16. exd5 Bf5 17. Rg1 f6 18. gxf6 Nxf6 19. Bd3 Bxd3 20. Qxd3 Nh5 21. Nd2 Rf7 22. Rg2 Qd7 23. Rdg1 g6 24. Bh6 Qf5 25. Qf1 Nf4 26. Bxf4 Qxf4 27. Qf2 Qf5 28. Qb6 Qd7 29. Qe3 a5 30. Rg4 Qb7 31. Qd3 Raf8 32. R1g3 Qd7 33. Qc3 Bd8 34. Qd3 Rf5 35. Qc3 Kg7 36. Ne4 b4 37. axb4 axb4 38. Qxb4 Rxf3 1/2-1/2

[Event "FICGS W-ch qf3 email"]
[Site "FICGS email"]
[Date "2014.03.02"]
[Round "3"]
[White "Ohlin, Jan"]
[Black "Schutte, John"]
[Result "1-0"]
[WhiteElo "2447"]
[BlackElo "2353"]
[PlyCount "97"]
[EventDate "2014.??.??"]
[EventType "match (corr)"]
[EventRounds "5"]
[SourceTitle "Corr 2022"]
[Source "ChessBase"]
[SourceDate "2021.10.24"]
[SourceVersion "1"]
[SourceVersionDate "2021.10.24"]
[SourceQuality "1"]

1. d4 d5 2. Nf3 Nf6 3. c4 c6 4. Nc3 e6 5. Bg5 h6 6. Bh4 dxc4 7. e4 g5 8. Bg3 b5 9. h4 g4 10. Ne5 Bb4 11. Be2 Nxe4 12. 0-0 Bxc3 13. bxc3 Nxc3 14. Qc2 Nxe2+ 15. Qxe2 f5 16. f3 gxf3 17. Rxf3 0-0 18. Bf4 Kh7 19. d5 Nd7 20. Rg3 Nxe5 21. Bxe5 Rg8 22. Qh5 Qf8 23. Rxg8 Qxg8 24. dxc6 c3 25. Rd1 c2 26. Rc1 Ba6 27. Rxc2 Rd8 28. c7 Rd7 29. Rc3 Bb7 30. Rg3 Qf7 31. Qxf7+ Rxf7 32. Ra3 Bc8 33. Rxa7 Kg6 34. Ra8 Rf8 35. Rb8 f4 36. Bxf4 Kg7 37. Bd6 Rg8 38. Be7 Bd7 39. Bd8 Rf8 40. c8Q Bxc8 41. Rxc8 Rf4 42. h5 Rf5 43. g4 Rf8 44. Kg2 Rf4 45. Rc7+ Kg8 46. g5 Rh4 47. g6 Rf4 48. Rh7 e5 49. Rxh6 1-0

[Event "FICGS class M 000011 email"]
[Site "FICGS email"]
[Date "2013.12.26"]
[Round "1"]
[White "Shwimmer, Peter"]
[Black "Schutte, John"]
[Result "1/2-1/2"]
[WhiteElo "2387"]
[BlackElo "2334"]
[PlyCount "95"]
[EventDate "2013.??.??"]
[EventType "tourn (corr)"]
[EventRounds "1"]
[SourceTitle "Corr 2022"]
[Source "ChessBase"]
[SourceDate "2021.10.24"]
[SourceVersion "1"]
[SourceVersionDate "2021.10.24"]
[SourceQuality "1"]

1. e4 c5 2. c3 Nf6 3. e5 Nd5 4. Nf3 d6 5. d4 cxd4 6. exd6 e6 7. Bb5+ Bd7 8. Bxd7+ Qxd7 9. c4 Nf6 10. 0-0 Bxd6 11. Qxd4 Nc6 12. Qe3 0-0 13. Nc3 Rad8 14. Qe2 Ng4 15. Ng5 Nh6 16. Rd1 Qe7 17. Qe4 Nf5 18. Nd5 Qd7 19. Nc3 Qc8 20. b3 Be7 21. Nf3 Rxd1+ 22. Nxd1 Rd8 23. Bb2 Nb4 24. Ba3 a5 25. h3 Qa8 26. Nc3 Bf6 27. Rc1 h5 28. Bxb4 axb4 29. Na4 g6 30. Qe1 Qa5 31. a3 Be7 32. axb4 Bxb4 33. Qe4 b5 34. cxb5 Qxb5 35. g4 hxg4 36. hxg4 Ne7 37. Nd4 Qg5 38. Rc4 Bd6 39. Nc3 Qf6 40. Qf3 Qh4 41. Nc6 Nxc6 42. Rxc6 Qh2+ 43. Kf1 Be7 44. Rc4 Rd2 45. Ne4 Ra2 46. Rc8+ Kg7 47. Re8 Bh4 48. Rc8 1/2-1/2

[Event "FICGS theme 0001 email"]
[Site "FICGS email"]
[Date "2013.08.01"]
[Round "1"]
[White "Cirulis, Ilmars"]
[Black "Schutte, John"]
[Result "0-1"]
[WhiteElo "1628"]
[BlackElo "2297"]
[PlyCount "44"]
[EventDate "2013.??.??"]
[EventType "swiss (corr)"]
[EventRounds "1"]
[SourceTitle "Corr 2022"]
[Source "ChessBase"]
[SourceDate "2021.10.24"]
[SourceVersion "1"]
[SourceVersionDate "2021.10.24"]
[SourceQuality "1"]

1. e4 e5 2. Nf3 Nc6 3. Bc4 Bc5 4. b4 Bxb4 5. c3 Ba5 6. d4 exd4 7. Qb3 Qe7 8. 0-0 Bb6 9. Ba3 d6 10. Nbd2 dxc3 11. Qxc3 f6 12. Rae1 Ne5 13. Bd5 Nh6 14. Nd4 g5 15. Nc4 Nxc4 16. Qxc4 Ng4 17. Nc6 bxc6 18. Qxc6+ Kd8 19. Qxa8 Qe5 20. g3 Nxf2 21. Rxf2 Qc3 22. Ref1 Qxa3 0-1

[Event "FICGS W-ch final email"]
[Site "FICGS email"]
[Date "2013.07.29"]
[Round "1"]
[White "Anderson, Peter W"]
[Black "Schutte, John"]
[Result "1/2-1/2"]
[WhiteElo "2346"]
[BlackElo "2297"]
[PlyCount "39"]
[EventDate "2013.??.??"]
[EventType "tourn (corr)"]
[EventRounds "6"]
[EventCategory "5"]
[SourceTitle "Corr 2022"]
[Source "ChessBase"]
[SourceDate "2021.10.24"]
[SourceVersion "1"]
[SourceVersionDate "2021.10.24"]
[SourceQuality "1"]

1. d4 d5 2. c4 c6 3. Nf3 Nf6 4. Nc3 e6 5. Bg5 h6 6. Bh4 dxc4 7. e4 g5 8. Bg3 b5 9. Be2 Bg7 10. e5 Nh5 11. a4 a6 12. Ne4 0-0 13. Nfxg5 Nxg3 14. hxg3 hxg5 15. Qc2 f5 16. exf6 Rxf6 17. Nxf6+ Qxf6 18. Qh7+ Kf7 19. Ra3 Ke7 20. Rf3 1/2-1/2

[Event "FICGS W-ch final email"]
[Site "FICGS email"]
[Date "2013.07.29"]
[Round "1"]
[White "Khachaturov, Vadim"]
[Black "Schutte, John"]
[Result "1/2-1/2"]
[WhiteElo "2400"]
[BlackElo "2297"]
[PlyCount "73"]
[EventDate "2013.??.??"]
[EventType "tourn (corr)"]
[EventRounds "6"]
[EventCategory "5"]
[SourceTitle "Corr 2022"]
[Source "ChessBase"]
[SourceDate "2021.10.24"]
[SourceVersion "1"]
[SourceVersionDate "2021.10.24"]
[SourceQuality "1"]

1. e4 c5 2. Nf3 d6 3. d4 cxd4 4. Nxd4 Nf6 5. Nc3 a6 6. Be3 e5 7. Nb3 Be6 8. f3 h5 9. Nd5 Bxd5 10. exd5 Nbd7 11. Qd2 g6 12. Be2 Bg7 13. 0-0 b6 14. a4 0-0 15. h3 Re8 16. Rfe1 Qc7 17. Rab1 Kh7 18. c3 Kg8 19. Bf1 Qc8 20. Rbd1 Qb7 21. Kh1 Rec8 22. Bg5 Rcb8 23. f4 Re8 24. fxe5 Rxe5 25. Rxe5 Nxe5 26. Qd4 Nfd7 27. Qb4 Qc7 28. Qe4 Kh7 29. Be2 Nc5 30. Nxc5 bxc5 31. b4 f5 32. Qe3 c4 33. Bf4 Qd7 34. Qb6 Qxa4 35. Bxe5 dxe5 36. Qc6 Qxc6 37. dxc6 1/2-1/2

[Event "FICGS W-ch final email"]
[Site "FICGS email"]
[Date "2013.07.29"]
[Round "1"]
[White "Schutte, John"]
[Black "Archer, J Robert"]
[Result "1/2-1/2"]
[WhiteElo "2297"]
[BlackElo "2513"]
[PlyCount "51"]
[EventDate "2013.??.??"]
[EventType "tourn (corr)"]
[EventRounds "6"]
[EventCategory "5"]
[SourceTitle "Corr 2022"]
[Source "ChessBase"]
[SourceDate "2021.10.24"]
[SourceVersion "1"]
[SourceVersionDate "2021.10.24"]
[SourceQuality "1"]

1. e4 e5 2. Nf3 Nc6 3. Bb5 a6 4. Ba4 Nf6 5. 0-0 Be7 6. Re1 b5 7. Bb3 0-0 8. c3 d5 9. d4 exd4 10. e5 Ne4 11. cxd4 Bf5 12. Nc3 Nxc3 13. bxc3 Na5 14. Bc2 Bxc2 15. Qxc2 Nc4 16. Nd2 c5 17. Nxc4 dxc4 18. Be3 cxd4 19. Bxd4 Qc7 20. a4 b4 21. cxb4 Bxb4 22. Re4 Rac8 23. Rc1 a5 24. Bc3 Qd7 25. Rd4 Qe8 26. Bxb4 1/2-1/2

[Event "FICGS W-ch final email"]
[Site "FICGS email"]
[Date "2013.07.29"]
[Round "1"]
[White "Schutte, John"]
[Black "Boehme, Sebastian"]
[Result "1/2-1/2"]
[WhiteElo "2297"]
[BlackElo "2378"]
[PlyCount "67"]
[EventDate "2013.??.??"]
[EventType "tourn (corr)"]
[EventRounds "6"]
[EventCategory "5"]
[SourceTitle "Corr 2022"]
[Source "ChessBase"]
[SourceDate "2021.10.24"]
[SourceVersion "1"]
[SourceVersionDate "2021.10.24"]
[SourceQuality "1"]

1. e4 e5 2. Nf3 Nc6 3. Bb5 Nf6 4. d3 Bc5 5. c3 0-0 6. 0-0 d6 7. Nbd2 a6 8. Bxc6 bxc6 9. d4 exd4 10. cxd4 Bb6 11. Qc2 Re8 12. e5 Nd5 13. Qxc6 Be6 14. Qa4 Ne7 15. Nc4 Bd5 16. Bf4 Bxf3 17. gxf3 dxe5 18. dxe5 Qd3 19. e6 f6 20. Rfe1 Nf5 21. Nxb6 cxb6 22. Qe4 Qxe4 23. Rxe4 Rac8 24. Rc1 Kf8 25. Rc7 Rxc7 26. Bxc7 b5 27. Ba5 Rc8 28. Bb4+ Ke8 29. f4 Nh4 30. Bc3 a5 31. a3 b4 32. axb4 f5 33. Re3 axb4 34. Bxb4 1/2-1/2

[Event "FICGS W-ch st1 gM 01 email"]
[Site "FICGS email"]
[Date "2013.07.02"]
[Round "1"]
[White "Antonov, Vladimir"]
[Black "Schutte, John"]
[Result "1/2-1/2"]
[WhiteElo "2288"]
[BlackElo "2297"]
[PlyCount "57"]
[EventDate "2013.??.??"]
[EventType "tourn (corr)"]
[EventRounds "6"]
[EventCategory "1"]
[SourceTitle "Corr 2022"]
[Source "ChessBase"]
[SourceDate "2021.10.24"]
[SourceVersion "1"]
[SourceVersionDate "2021.10.24"]
[SourceQuality "1"]

1. d4 d5 2. c4 c6 3. Nf3 Nf6 4. Nc3 e6 5. Bg5 h6 6. Bh4 dxc4 7. e4 g5 8. Bg3 b5 9. Be2 Bb7 10. 0-0 Nbd7 11. Ne5 h5 12. Nxd7 Qxd7 13. Qc1 Rg8 14. Rd1 Bb4 15. Be5 Ng4 16. Bxg4 hxg4 17. Bf6 Be7 18. Bxe7 Qxe7 19. b3 f6 20. Qe3 Rh8 21. bxc4 bxc4 22. Na4 Rd8 23. Nc5 Bc8 24. Rac1 e5 25. Rxc4 Kf7 26. Nb3 exd4 27. Rcxd4 Rxd4 28. Qxd4 Be6 29. Qc3 1/2-1/2

[Event "FICGS W-ch st2 g03 email"]
[Site "FICGS email"]
[Date "2012.01.12"]
[Round "1"]
[White "Drozel, Horst"]
[Black "Schutte, John"]
[Result "1-0"]
[WhiteElo "1831"]
[BlackElo "2191"]
[PlyCount "77"]
[EventDate "2012.??.??"]
[EventType "tourn (corr)"]
[EventRounds "8"]
[SourceTitle "Corr 2022"]
[Source "ChessBase"]
[SourceDate "2021.10.24"]
[SourceVersion "1"]
[SourceVersionDate "2021.10.24"]
[SourceQuality "1"]

1. e4 e5 2. Nf3 Nc6 3. Bb5 a6 4. Ba4 Nf6 5. 0-0 Be7 6. Re1 b5 7. Bb3 0-0 8. d4 d6 9. c3 Bg4 10. Be3 exd4 11. cxd4 Na5 12. Bc2 c5 13. h3 Bh5 14. g4 Bg6 15. Nbd2 Nd7 16. Qe2 Qc7 17. Rac1 Rfe8 18. h4 h5 19. g5 Qb7 20. d5 Bd8 21. b3 Rc8 22. Nf1 Bb6 23. Ng3 Qc7 24. Kg2 Qb8 25. Nd2 c4 26. b4 c3 27. bxa5 cxd2 28. Bxd2 Bd4 29. Bb1 Ne5 30. f4 Nc4 31. Bd3 Nxd2 32. Qxd2 b4 33. Rf1 Rxc1 34. Qxc1 Bc3 35. Qd1 Bh7 36. Qxh5 g6 37. Qf3 Qa7 38. e5 dxe5 39. f5 1-0

[Event "FICGS W-ch st1 gN 01 email"]
[Site "FICGS email"]
[Date "2012.01.01"]
[Round "1"]
[White "Ilic, Slobodan S"]
[Black "Schutte, John"]
[Result "0-1"]
[WhiteElo "2218"]
[BlackElo "2191"]
[PlyCount "50"]
[EventDate "2012.??.??"]
[EventType "tourn (corr)"]
[EventRounds "6"]
[SourceTitle "Corr 2022"]
[Source "ChessBase"]
[SourceDate "2021.10.24"]
[SourceVersion "1"]
[SourceVersionDate "2021.10.24"]
[SourceQuality "1"]

1. e4 c5 2. Na3 Nc6 3. Bb5 Nf6 4. d3 g6 5. c3 Bg7 6. f4 0-0 7. Nf3 a6 8. Bxc6 bxc6 9. 0-0 Rb8 10. Qe1 d6 11. Qh4 a5 12. f5 gxf5 13. Bh6 Ne8 14. g4 f4 15. Nc4 Qd7 16. Bxf4 Qxg4+ 17. Qxg4 Bxg4 18. e5 a4 19. exd6 exd6 20. Rae1 Be6 21. Rf2 Rd8 22. h4 h6 23. a3 Kh7 24. Rg2 Rg8 25. Kf2 Rb8 0-1

[Event "FICGS W-ch st1 g02 email"]
[Site "FICGS email"]
[Date "2011.04.01"]
[Round "1"]
[White "Schutte, John"]
[Black "Simashkevitch, Mykola"]
[Result "1-0"]
[WhiteElo "2020"]
[BlackElo "1833"]
[PlyCount "111"]
[EventDate "2011.??.??"]
[EventType "tourn (corr)"]
[EventRounds "8"]
[SourceTitle "Corr 2013"]
[Source "ChessBase"]
[SourceDate "2012.11.12"]
[SourceVersion "1"]
[SourceVersionDate "2012.11.12"]
[SourceQuality "1"]

1. e4 e5 2. Nf3 Nc6 3. Bb5 a6 4. Ba4 Nf6 5. 0-0 b5 6. Bb3 Be7 7. Re1 0-0 8. h3 Bb7 9. d3 Re8 10. a4 h6 11. axb5 axb5 12. Rxa8 Bxa8 13. Nc3 b4 14. Nd5 Nxd5 15. Bxd5 Bc5 16. c3 Qe7 17. Bd2 bxc3 18. bxc3 Bb6 19. Qa4 Bb7 20. d4 exd4 21. cxd4 Ra8 22. Qb3 Ra7 23. Bc3 Ra8 24. Qd1 Nd8 25. Ne5 c6 26. Bb3 Bc7 27. Ng4 Ba5 28. Bxa5 Rxa5 29. Re3 Ne6 30. d5 Nf4 31. Qd2 Ra1+ 32. Kh2 cxd5 33. Qc3 Rb1 34. exd5 Qf8 35. Qd4 Ng6 36. d6 h5 37. Ne5 Nxe5 38. Qxe5 Bc6 39. Qg3 h4 40. Qf4 Rxb3 41. Rxb3 Qa8 42. Re3 Bxg2 43. Re7 Bd5 44. Rxd7 Be6 45. Re7 Qd5 46. Re8+ Kh7 47. Qxh4+ Kg6 48. Qf4 Kh7 49. f3 Qc5 50. Qe4+ Bf5 51. Qh4+ Kg6 52. Re1 Qxd6+ 53. Kh1 f6 54. Qh8 Qc6 55. Rg1+ Kf7 56. Qxg7+ 1-0

[Event "FICGS class A 000090 email"]
[Site "FICGS email"]
[Date "2011.03.02"]
[Round "1"]
[White "Gray, Garvin"]
[Black "Schutte, John"]
[Result "1/2-1/2"]
[WhiteElo "2156"]
[BlackElo "2020"]
[PlyCount "120"]
[EventDate "2011.??.??"]
[EventType "tourn (corr)"]
[EventRounds "6"]
[SourceTitle "Corr 2013"]
[Source "ChessBase"]
[SourceDate "2012.11.12"]
[SourceVersion "1"]
[SourceVersionDate "2012.11.12"]
[SourceQuality "1"]

1. d4 d5 2. c4 c6 3. cxd5 cxd5 4. Nf3 Nf6 5. Nc3 Nc6 6. Bf4 a6 7. Rc1 Bf5 8. e3 Rc8 9. Be2 e6 10. 0-0 Bd6 11. Bxd6 Qxd6 12. Na4 0-0 13. Nh4 Rc7 14. Nc5 Be4 15. Qa4 Rfc8 16. Rc3 h6 17. Rfc1 Nd7 18. Nxd7 Qxd7 19. Nf3 Bxf3 20. Bxf3 Qd8 21. Be2 g6 22. Qc2 Kg7 23. g3 h5 24. h4 Kg8 25. a3 Kg7 26. Kg2 Qf8 27. Rc5 Qd8 28. b4 Ra8 29. Qc3 Kg8 30. a4 Rcc8 31. Bd3 Ne7 32. Qd2 Rab8 33. Qc3 Ra8 34. Qb2 Kg7 35. Qd2 Kg8 36. R1c3 Kg7 37. Qc1 Rab8 38. Rxc8 Nxc8 39. Rc5 Nd6 40. Qc2 Nc8 41. a5 Nd6 42. Qa4 Nc8 43. Qc2 Nd6 44. Qc3 b5 45. axb6 Rxb6 46. Ra5 Qa8 47. Qc7 Nc4 48. Rc5 Rxb4 49. e4 Rb7 50. Qf4 Nb6 51. Rc6 Qe8 52. Qe5+ Kg8 53. exd5 Nxd5 54. Rxa6 Qb8 55. Rxe6 fxe6 56. Qxe6+ Kh8 57. Qxd5 Kg7 58. Qe6 Rb6 59. Qe7+ Kh6 60. d5 Qd6 1/2-1/2

[Event "FICGS class B 000140 email"]
[Site "FICGS email"]
[Date "2011.03.02"]
[Round "1"]
[White "Ralls, Richard Nelson"]
[Black "Schutte, John"]
[Result "0-1"]
[WhiteElo "1900"]
[BlackElo "2020"]
[PlyCount "54"]
[EventDate "2011.??.??"]
[EventType "tourn (corr)"]
[EventRounds "5"]
[SourceTitle "Corr 2013"]
[Source "ChessBase"]
[SourceDate "2012.11.12"]
[SourceVersion "1"]
[SourceVersionDate "2012.11.12"]
[SourceQuality "1"]

1. d4 d5 2. c4 c6 3. Nf3 Nf6 4. Nc3 e6 5. Bg5 h6 6. Bxf6 Qxf6 7. e3 Nd7 8. Bd3 dxc4 9. Bxc4 g6 10. 0-0 Bg7 11. Qc2 0-0 12. Ne4 Qe7 13. Bb3 e5 14. Ng3 Kh8 15. Rac1 f5 16. Ne2 Kh7 17. a3 a5 18. h3 e4 19. Nd2 Nf6 20. Nf4 g5 21. Ne2 Bd7 22. Rfd1 Rfd8 23. Nc3 b5 24. a4 Rab8 25. Qb1 h5 26. Ne2 h4 27. Qa1 Ra8 0-1